Дело о поднесении государю императору и другим членам августейшей императорской фамилии "Истории русской словесности", изданной ...

Доступно только в Электронных читальных залах Найти на картеНа карте
RUSMARC
00003637nmc2a22002413x 450
00175e40ff2-c8a8-48b8-a10a-cc419d108df0
00520251023035632.0
100##$a20250428l18461847k l0rusy0189 ca
1010#$arus
102##$aRU
105##$ay###
1222#$ad
2001#$aДело о поднесении государю императору и другим членам августейшей императорской фамилии "Истории русской словесности", изданной профессором Шевыревым и стихотворения его "26 августа 1856 года в Кремле"
$j13 апреля 1846 г. - 13 сентября 1856 г.
215##$a56 л.
$d36,5х26 см
251##$cДело
300##$aНа обложке указано: "№34"
371##$aДокумент не является опубликованным и широко распространяемым
461#0$10012b5b8419-5ce4-4d16-a7a3-85720a295f1f
$12001
$aКанцелярия министра народного просвещения
$1251
$cФонд
$1852
$j735
462#0$1001562cc287-b13c-4f02-8029-f81535ba1e2e
$12001
$aКанцелярия министра народного просвещения
$1251
$cОпись
$1852
$j2
801#0$aRU
$bРГИА
$c20250428
$gRCR
801#1$aRU
$bГлавНИВЦ
$c20250428
$2rusmarc
801#2$aRU
$bПБ им. Б.Н. Ельцина
$c20251023
$gRCR
$2rusmarc
850##$aРГИА
852##$aРГИА
$eФедеральное казенное учреждение "Российский государственный исторический архив" (РГИА)
$j577
937##$hРГИА
$d12421496
$aASBIBLIO_SCAN
035##$aRusGRCC00085566
856##$uhttp://readingroom.main.prlib.ru/item.aspx?id_node=n198621129&mode=full
Формат отображения